| 000 | 02085nam a22003977a 4500 | ||
|---|---|---|---|
| 001 | 6054 | ||
| 003 | KnowledgeUnlatched | ||
| 005 | 20210303104728.0 | ||
| 006 | m o d | ||
| 007 | cr u|||||||||| | ||
| 008 | 210129p20192020xx o u00| u eng d | ||
| 037 | _5BiblioBoard | ||
| 245 | 0 | 0 |
_aPolitical and Transitional Justice in Germany, Poland and the Soviet Union from the 1930s to the 1950s _cJürgen Zarusky, Magnus Brechtken, Władysław Bułhak. |
| 020 | _a9783835335615 | ||
| 024 | 8 | _ahttps://doi.org/10.15463/ifz-2019-1 | |
| 029 | 1 | _ahttps://library.biblioboard.com/ext/api/media/c1994f6f-3a12-479a-80df-741afae4e573/assets/thumbnail.jpg | |
| 040 |
_aScCtBLL _cScCtBLL |
||
| 506 | 0 |
_aAccess copy available to the general public. _fUnrestricted _2star |
|
| 700 | 1 |
_aZarusky, Jürgen _eeditor. |
|
| 700 | 1 |
_aBrechtken, Magnus _eeditor. |
|
| 700 | 1 |
_aBułhak, Władysław _eeditor. |
|
| 264 | 1 | _bWallstein Verlag, | |
| 300 | _a1 online resource (1 p.) | ||
| 520 | _aFocussing on »Political and Transitional Justice in Germany, Poland the USSR from the 1930s to the 1950s« this volume presents papers organized by the editors to demonstrate the importance of cooperation in research beyond national borders. The articles reflect the need for constant awareness of the challenges of Political Justice as a topic not just of historical importance but with relevance to present-day negotiations of the past. | ||
| 588 | 0 | _aDescription based on print version record. | |
| 590 | _aKU Open Services | ||
| 650 | 7 |
_aHistory / Modern / 20th Century _2bisacsh |
|
| 650 | 7 |
_aHistory / Europe _2bisacsh |
|
| 650 | 0 | _aHistory | |
| 655 | 0 | _aElectronic books. | |
| 758 |
_iIs found in: _aKnowledge Unlatched _1https://openresearchlibrary.org/module/2774bc74-146a-484f-a7ba-ab1d6a09bbfb |
||
| 856 | 4 | 0 |
_uhttps://openresearchlibrary.org/content/c1994f6f-3a12-479a-80df-741afae4e573 _zView this content on Open Research Library. _70 |
| 999 |
_c32410 _d32410 |
||